| 000 | 00995nam a2200181 a 4500 | ||
|---|---|---|---|
| 001 | 50854 | ||
| 005 | 20180714040056.0 | ||
| 008 | 140415s2001 000 0 spa d | ||
| 020 | _a0821348264 | ||
| 041 | _aspa | ||
| 082 |
_a362.5 _bINF |
||
| 245 | 0 | 0 |
_aINFORME SOBRE EL DESARROLLO MUNDIAL 2000/2001 : _bLUCHA CONTRA LA POBREZA: PANORAMA GENERAL |
| 250 | _a1a ed. | ||
| 260 |
_a[s.l.] : _bBANCO MUNDIAL, _c2001 |
||
| 300 |
_a107 _c20.5 x 0.5 x 27 |
||
| 520 | _aEN EL PANORAMA GENERAL DEL INFORME SOBRE EL DESARROLLO MUNDIAL, 2000/2001: LUCHA CONTRA LA POBREZA (QUE SIGUE A OTROS DOS INFORMES SOBRE EL DESARROLLO MUNDIAL RELATIVOS AL MISMO TEMA DE LA POBREZA, PUBLICADOS EN 1980 Y 1990) SE MANTIENE, NO OBSTANTE, QUE ES POSIBLE CONSEGUIR FUERTES REDUCCIONES EN TODAS ESAS DIMENSIONES DE LA POBREZA QUE LA INTERACCION DE LOS MERCADOS, LAS INSTITUCIONES ESTATALES Y LA SOCIEDAD CIVIL PUEDEN PONER LAS FUERZAS DE LA INTEGRACION ECONOMICA Y EL CAMBIO TECNO | ||
| 650 | 1 | 4 | _aPOBREZA |
| 999 |
_c50854 _d50854 |
||